01104nab a22002417a 4500003000400000005001700004008004100021040001100062100002700073245008200100260007300182300000900255500015500264505008900419650002300508650005200531650002300583650002600606650002900632650002900661650002700690773014500717OSt20250218120633.0190603e xxum|||| |||| 00| 0 spa d cPJ-TDF aNicolau, Noemí Lidia13aEl consentimiento del paciente para actos médicos /cNoemí Lidia Nicolau. cCiudad Autónoma de Buenos Aires :aThomson Reuters La Ley, b2024. ap. 7 aCita: TR LALEY AR/DOC/1980/2024. Publicado en: R.C.C. y C. 2024 (Septiembre-Octubre). EDICIÓN ESPECIAL: XXIX Jornadas Nacionales de Derecho Civil.  t¿Te interesa el texto completo? Solicitalo al correo: koha@justierradelfuego.gov.ar 0aDERECHO DE FAMILIA 0aDERECHOS DE LAS NIÑAS, NIÑOS Y ADOLESCENTES 0aDERECHO A LA SALUD 0aDERECHOS DEL PACIENTE 0aCONSENTIMIENTO INFORMADO 0aRESPONSABILIDAD MÉDICA 0aDEBER DE INFORMACIÓN0 02713dCiudad Autónoma de Buenos Aires : Thomson Reuters La Ley, 2015-tRevista Código Civil y Comercial. Nº 5 - Septiembre-Octubre 2024